Uma cor só minha (Record no. 189216)

MARC details
000 -LÍDER
campo de controle de tamanho fixo 00370 a2200169 4500
001 - NÚMERO DE CONTROLE
campo de controle 189216
020 ## - ISBN - INTERNATIONAL STANDARD BOOK NUMBER
ISBN - International Standard Book Number 978-85-16-06590-4
040 ## - FONTE DA CATALOGAÇÃO
Instituição que transcreveu o registro Magnum
100 ## - ENTRADA PRINCIPAL--NOME PESSOAL
Nome pessoal Prado, Ricardo Chaves
240 10 - TÍTULO UNIFORME
Título uniforme Uma cor só minha
Idioma da obra por
245 10 - TÍTULO
Título Uma cor só minha
300 ## - DESCRIÇÃO FÍSICA
Extensão 56
362 0# - DATAS DE PUBLICAÇÃO E/OU DESIGNAÇÃO SEQUENCIAL
Datas de publicação e/ou designação sequencial 2011
440 #1 - DECLARAÇÃO DE SÉRIE/ENTRADA ADICIONADA--TÍTULO
Título Moderna
697 ## - ENTRADA DE ASSUNTO LOCAL--ENTIDADE COLETIVA (RLIN)
Nome corporativo ou nome da jurisdição LITERATURA INFANTO-JUVENIL
942 ## - ELEMENTOS DE ENTRADA ADICIONADOS (KOHA)
Tipo de material Koha Livros
Holdings
Situação do descarte Situação das perdas Situação física Não pode ser emprestado Biblioteca de origem Biblioteca atual Data de aquisição Total de empréstimos Número de chamada completo Código de barras Data de último acesso Data do preço efetivo Tipo de material Koha Fonte da classificação ou esquema de arquivamento na estante Número do exemplar
        Magnum Magnum 08/06/2024   869.2.857 MAG00064129 08/06/2024 08/06/2024 Livros    
        Portinari - Salvador Portinari - Salvador 16/08/2024   028.5 P896c 0764/CCP 16/08/2024 16/08/2024 Livros   Ex. 1